The electric kool-aid acid test / (Record no. 200468158)
[ view plain ]
| 000 -LEADER | |
|---|---|
| fixed length control field | 00834cam a2200301 i 4500 |
| 001 - CONTROL NUMBER | |
| control field | 200468158 |
| 003 - CONTROL NUMBER IDENTIFIER | |
| control field | TR-AnTOB |
| 005 - DATE AND TIME OF LATEST TRANSACTION | |
| control field | 20260416155149.0 |
| 007 - PHYSICAL DESCRIPTION FIXED FIELD--GENERAL INFORMATION | |
| fixed length control field | ta |
| 008 - FIXED-LENGTH DATA ELEMENTS--GENERAL INFORMATION | |
| fixed length control field | 980418t19721967nyu 000 0 eng d |
| 010 ## - LIBRARY OF CONGRESS CONTROL NUMBER | |
| LC control number | 98140651 |
| 035 ## - SYSTEM CONTROL NUMBER | |
| System control number | 2621927 |
| 040 ## - CATALOGING SOURCE | |
| Original cataloging agency | DLC |
| Language of cataloging | eng |
| Description conventions | rda |
| Transcribing agency | DLC |
| Modifying agency | DLC |
| -- | TR-AnTOB |
| 041 0# - LANGUAGE CODE | |
| Language code of text/sound track or separate title | İngilizce |
| 043 ## - GEOGRAPHIC AREA CODE | |
| Geographic area code | n-us--- |
| 050 00 - LIBRARY OF CONGRESS CALL NUMBER | |
| Classification number | HV5825 |
| Item number | .W56 1972 |
| 090 ## - LOCALLY ASSIGNED LC-TYPE CALL NUMBER (OCLC); LOCAL CALL NUMBER (RLIN) | |
| Classification number (OCLC) (R) ; Classification number, CALL (RLIN) (NR) | HV5825 |
| Local cutter number (OCLC) ; Book number/undivided call number, CALL (RLIN) | .W56 1972 |
| 100 ## - MAIN ENTRY--PERSONAL NAME | |
| Personal name | Wolfe, Tom |
| Relator term | author |
| 9 (RLIN) | 114257 |
| 245 14 - TITLE STATEMENT | |
| Title | The electric kool-aid acid test / |
| Statement of responsibility, etc. | Tom Wolfe. |
| 264 ## - PRODUCTION, PUBLICATION, DISTRIBUTION, MANUFACTURE, AND COPYRIGHT NOTICE | |
| Place of production, publication, distribution, manufacture | New York : |
| Name of producer, publisher, distributor, manufacturer | Bantam Books, |
| Date of production, publication, distribution, manufacture, or copyright notice | 1972. |
| 300 ## - PHYSICAL DESCRIPTION | |
| Extent | viii, 370 pages; |
| Dimensions | 22 cm. |
| 336 ## - CONTENT TYPE | |
| Content type term | text |
| Content type code | txt |
| Source | rdacontent |
| 337 ## - MEDIA TYPE | |
| Media type term | unmediated |
| Media type code | n |
| Source | rdamedia |
| 338 ## - CARRIER TYPE | |
| Carrier type term | volume |
| Carrier type code | nc |
| Source | rdacarrier |
| 650 #0 - SUBJECT ADDED ENTRY--TOPICAL TERM | |
| Topical term or geographic name entry element | Drug addiction |
| Geographic subdivision | United States. |
| 9 (RLIN) | 83351 |
| 942 ## - ADDED ENTRY ELEMENTS (KOHA) | |
| Source of classification or shelving scheme | Library of Congress Classification |
| Koha item type | Book |
| Withdrawn status | Lost status | Source of classification or shelving scheme | Damaged status | Not for loan | Collection code | Home library | Current library | Shelving location | Date acquired | Source of acquisition | Total Checkouts | Full call number | Barcode | Date last seen | Copy number | Date shelved | Koha item type | Public note |
|---|---|---|---|---|---|---|---|---|---|---|---|---|---|---|---|---|---|---|
| Library of Congress Classification | Kullanılmış / Used | Ödünç Verilemez-Kurumiçi kullanım / Not for loan-For inhouse use | Genel Koleksiyon | Tıp Fakültesi Medikal Kütüphane | Tıp Fakültesi Medikal Kütüphane | Genel Koleksiyon / Main Collection | 16/04/2026 | Bağış / Donation | HV5825 .W56 1972 TıpFaK | TF03151 | 16/04/2026 | 1 | 18/03/2026 | Book | Donated by Şükrü Cin |
